Welcome to CU Library Online Public Access Catalogue (OPAC)

The story of Christianity / (Record no. 6583)

MARC details
000 -LEADER
fixed length control field 00530nam a2200193 a 4500
001 - CONTROL NUMBER
control field 3281456
005 - DATE AND TIME OF LATEST TRANSACTION
control field 20250619101113.0
008 - FIXED-LENGTH DATA ELEMENTS--GENERAL INFORMATION
fixed length control field 820722s1981 ilua 000 0 eng
020 ## - INTERNATIONAL STANDARD BOOK NUMBER
International Standard Book Number 0891072322 :
Terms of availability $9.95
050 00 - LIBRARY OF CONGRESS CALL NUMBER
Classification number BR150
Item number .D68
082 00 - DEWEY DECIMAL CLASSIFICATION NUMBER
Classification number 270
Edition information 19
100 1# - MAIN ENTRY--PERSONAL NAME
Personal name Dowley, Tim.
245 14 - TITLE STATEMENT
Title The story of Christianity /
Statement of responsibility, etc. Tim Dowley.
250 ## - EDITION STATEMENT
Edition statement 1st ed.
260 ## - PUBLICATION, DISTRIBUTION, ETC.
Place of publication, distribution, etc. Westchester, Ill. :
Name of publisher, distributor, etc. Good News Publishers,
Date of publication, distribution, etc. 1981.
300 ## - PHYSICAL DESCRIPTION
Extent 63 p. :
Other physical details ill. (some col.) ;
Dimensions 29 cm.
650 #0 - SUBJECT ADDED ENTRY--TOPICAL TERM
Topical term or geographic name entry element Church history.
942 ## - ADDED ENTRY ELEMENTS (KOHA)
Source of classification or shelving scheme Library of Congress Classification
Koha item type Books
Suppress in OPAC No
999 ## -
-- 6583
-- 6583
Holdings
Withdrawn status Lost status Source of classification or shelving scheme Damaged status Not for loan Collection Home library Current library Shelving location Date acquired Total checkouts Full call number Barcode Date last seen Copy number Price effective from Koha item type
    Library of Congress Classification     Non-fiction Undergraduate Library (Christ Temple) Undergraduate Library (Christ Temple) General stacks 06/19/2025   BR145.2 DON ulct00003433 06/19/2025 1 06/04/2025 Books
© 2023-2024 Copyright: Central University Libraries. All Rights Reserved | Created by: Mahone Tech Office